000 00584nam a22001577a 4500
999 _c60818
_d60818
005 20231025104623.0
008 231025s1975 ru ||||| |||| 00| 0 rus d
041 _arus
080 _a930.85 Ш -87
100 _aШтаерман, Е. М.
_920240
245 _a Кризис античной культуры /
_cЕ. М. Штаерман ; Академия наук СССР.
264 _aМосква :
_bНаука,
_c1975.
300 _a181 стр.
_b20 см.
653 _aუძველესი კულტურის კრიზისი
942 _2udc
_cᲬᲘᲒᲜᲘ